| 000 | 00742nam a2200229Ia 4500 | ||
|---|---|---|---|
| 003 | OSt | ||
| 005 | 20241021113751.0 | ||
| 008 | 210716s2004 xx 000 0 und d | ||
| 020 | _a0070583161 | ||
| 040 | _cAIMIT LIBRARY | ||
| 041 | _aeng | ||
| 082 |
_a005.1332 _21 _bPETC |
||
| 100 |
_aPetzold, Charles. _9182813 |
||
| 245 |
_aProgramming in the key of c#: _bprimer for aspiring programmers / _cBy Charles Petzold |
||
| 250 | _a1st ed. | ||
| 260 |
_aNew Delhi : _bTata McGraw Hill Publishing Company Ltd ; _c2004. |
||
| 300 |
_aix,418p. ; _bPB _c24 cm. |
||
| 650 |
_aIntegers and the .net framework _9182814 |
||
| 650 |
_aFancy formatting _9182815 |
||
| 650 |
_aBits and enumerations _9182816 |
||
| 942 |
_2ddc _cBK _e1st ed. _k005.1332 PETC |
||
| 999 |
_c186010 _d186010 |
||